00299 2200133 4500001002100000005001500021035002000036245003300056100001600089300001100105260002900116082000800145990001200153INLIS00000000000224620250527021630 a0010-05250005381 aArjuna Kembar /cWiroatmodjo0 aWiroatmodjo a74 hlm aJakarta :bBalai Pustaka a813 a0712710